00837nam a2200181 i 4500001000700000003000900007005001700016008004100033080001900074100002900093245024800122260013700370300002900507502004600536650001700582710003000599852002600629180463ES-MaACL20230906221113.0120606s1971 sp |||| | spa d a595.34(262-15)1 aVives Galmes, Francisco.10aContribución al estudio de los crustáceos planctónicos del Mediterráneo Occidental b: estudio faunístico y ecológico de los Copépodos del Mediterráneo español (costas de Cataluña y Valencia) / cpor Francisco Vives Galmes. aBarcelona : bUniversidad de Barcelona, Secretariado de Publicaciones, Intercambio Científico y Extensión Universitaria, c1971. a24 p. : bil. ; c24 cm. aTesis-Universidad de Barcelona (Extracto) 4aCopépodos.2 aUniversidad de Barcelona. aES-MaACLjE-15362(56)